[Event "Charlotte Spring IM-B"]
[Site "Charlotte"]
[Date "2025.04.18"]
[Round "4"]
[White "Stefanov, Emil"]
[Black "Horobetz, Graham"]
[Result "1/2-1/2"]
[WhiteElo "2355"]
[BlackElo "2240"]
[PlyCount "93"]
[EventDate "2025.04.16"]
[EventType "tourn"]
[EventRounds "9"]
[EventCountry "USA"]
[SourceTitle "CB17_2025"]
[SourceDate "2025.04.23"]
[SourceVersion "1"]
[SourceVersionDate "2025.04.23"]
[SourceQuality "1"]

1. e4 c5 2. Nc3 d6 3. Nf3 Nf6 4. d4 cxd4 5. Nxd4 a6 6. Be2 e5 7. Nb3 Be6 8. 0-0 Be7 9. Be3 0-0 10. Qd2 Nbd7 11. a4 Rc8 12. a5 Qc7 13. Rfd1 Rfd8 14. Qe1 Nc5 15. Nxc5 dxc5 16. Rxd8+ Rxd8 17. f3 c4 18. Na4 Qc6 19. c3 Nd7 20. Qf2 Rc8 21. g3 f6 22. Nb6 Nxb6 23. Bxb6 Bc5 24. Bxc5 Qxc5 25. Qxc5 Rxc5 26. Ra4 Kf7 27. f4 Ke7 28. Kf2 Kd6 29. Ke3 Kc6 30. h4 g6 31. f5 Bf7 32. g4 gxf5 33. exf5 h6 34. Rb4 Rxa5 35. Bf3+ Bd5 36. Rxc4+ Kd7 37. Rb4 Kc6 38. Bxd5+ Rxd5 39. g5 hxg5 40. hxg5 fxg5 41. Rc4+ Kd6 42. Rg4 Rd1 43. Rxg5 Rf1 44. Rg7 b5 45. Rg6+ Kd5 46. Rxa6 Rxf5 47. Ra2 1/2-1/2

[Event "Charlotte Spring IM-B"]
[Site "Charlotte"]
[Date "2025.04.16"]
[Round "1"]
[White "Michelle, Catherina P"]
[Black "Stefanov, Emil"]
[Result "1-0"]
[WhiteElo "2165"]
[BlackElo "2355"]
[PlyCount "99"]
[EventDate "2025.04.16"]
[EventType "tourn"]
[EventRounds "9"]
[EventCountry "USA"]
[SourceTitle "CB17_2025"]
[SourceDate "2025.04.23"]
[SourceVersion "1"]
[SourceVersionDate "2025.04.23"]
[SourceQuality "1"]

1. e4 e5 2. Nf3 Nc6 3. Nc3 Nf6 4. d4 exd4 5. Nxd4 Bb4 6. Nxc6 bxc6 7. Bd3 0-0 8. 0-0 d5 9. Bd2 Rb8 10. exd5 cxd5 11. h3 Be6 12. a3 Be7 13. b4 c5 14. Bf4 Rc8 15. Ba6 Rc6 16. b5 Rb6 17. Na4 Rxa6 18. bxa6 Qa5 19. Nb2 Qxa6 20. Nd3 Ne4 21. Be5 f6 22. Bh2 Bf7 23. f3 Ng5 24. Re1 Bd6 25. Nf4 Be5 26. Rxe5 fxe5 27. Nxd5 Bh5 28. Ne7+ Kh8 29. Bxe5 Re8 30. Qd7 Qh6 31. Nf5 Nxf3+ 32. Kh1 Nxe5 33. Qxe8+ Bxe8 34. Nxh6 Bg6 35. Ng4 Nxg4 36. hxg4 Kg8 37. c3 Kf7 38. Re1 Kf6 39. Kh2 Bc2 40. Re8 Bb3 41. Rc8 c4 42. Ra8 Ke5 43. Rxa7 Ke4 44. Rd7 g5 45. Kg3 Ke3 46. Rd4 Ke2 47. a4 Bxa4 48. Rxc4 Bc2 49. Rd4 Ke3 50. Rd5 1-0

[Event "Charlotte Fall GM Alto"]
[Site "Charlotte"]
[Date "2024.11.24"]
[Round "5"]
[White "Stefanov, Emil"]
[Black "Gedajlovic, Max"]
[Result "1/2-1/2"]
[WhiteElo "2362"]
[BlackElo "2377"]
[PlyCount "79"]
[EventDate "2024.11.22"]
[EventType "tourn"]
[EventRounds "9"]
[EventCountry "USA"]
[EventCategory "7"]
[SourceTitle "CB49_2024"]
[SourceDate "2024.12.04"]
[SourceVersion "1"]
[SourceVersionDate "2024.12.04"]
[SourceQuality "1"]

1. e4 e6 2. d4 d5 3. Nc3 Bb4 4. e5 c5 5. a3 Bxc3+ 6. bxc3 Ne7 7. h4 Qc7 8. h5 h6 9. Nf3 b6 10. Bb5+ Bd7 11. Bd3 Ba4 12. Be3 c4 13. Be2 Nbc6 14. Nh4 0-0-0 15. f4 Rdg8 16. Kd2 Kb7 17. g4 g6 18. Qf1 Qc8 19. Qh3 Na5 20. Rhb1 Ka8 21. Rb4 Bd7 22. a4 Qf8 23. Qh1 Nac6 24. Rbb1 Qe8 25. a5 Nxa5 26. f5 g5 27. f6 Nc8 28. Ng2 Nb7 29. Ra2 a5 30. Ke1 b5 31. Bc1 Nb6 32. Ne3 Bc6 33. Ba3 Na4 34. Kd2 Qb8 35. Be7 Rc8 36. Bf3 Nb6 37. Qc1 Qa7 38. Rba1 Na4 39. Qh1 Nb6 40. Bb4 1/2-1/2

[Event "Charlotte Fall GM Alto"]
[Site "Charlotte"]
[Date "2024.11.22"]
[Round "1"]
[White "Padmini, Rout"]
[Black "Stefanov, Emil"]
[Result "1-0"]
[WhiteElo "2334"]
[BlackElo "2362"]
[PlyCount "85"]
[EventDate "2024.11.22"]
[EventType "tourn"]
[EventRounds "9"]
[EventCountry "USA"]
[EventCategory "7"]
[SourceTitle "CB49_2024"]
[SourceDate "2024.12.04"]
[SourceVersion "1"]
[SourceVersionDate "2024.12.04"]
[SourceQuality "1"]

1. e4 e5 2. Nf3 Nc6 3. Bc4 Nf6 4. d3 Be7 5. 0-0 0-0 6. Re1 d6 7. a4 Be6 8. Bxe6 fxe6 9. c3 a5 10. Qb3 Qd7 11. Nbd2 h6 12. Nc4 b6 13. Be3 Rf7 14. Qb5 Raf8 15. b4 axb4 16. cxb4 Ng4 17. h3 Nxe3 18. Rxe3 Ra8 19. a5 d5 20. exd5 exd5 21. Rc1 dxc4 22. Qxc4 Bxb4 23. axb6 cxb6 24. Qxc6 Qxc6 25. Rxc6 Ra1+ 26. Kh2 Bc5 27. Rxe5 Bxf2 28. Re2 Bc5 29. d4 Ba3 30. Rxb6 Bc1 31. Rb3 Bf4+ 32. g3 Bd6 33. Kg2 Rd1 34. h4 Rf5 35. Re6 Bf8 36. g4 Rd5 37. Rb8 Kf7 38. Re2 R1xd4 39. Nxd4 Rxd4 40. Rf2+ Kg6 41. Rbxf8 Rxg4+ 42. Kh3 h5 43. Rg2 1-0

[Event "Charlotte Super op"]
[Site "Charlotte"]
[Date "2023.07.12"]
[Round "6"]
[White "Senft, Sean"]
[Black "Stefanov, Emil"]
[Result "0-1"]
[WhiteElo "2160"]
[BlackElo "2342"]
[PlyCount "142"]
[EventDate "2023.07.09"]
[EventType "swiss"]
[EventRounds "9"]
[EventCountry "USA"]
[SourceTitle "CBM 215 Extra"]
[Source "ChessBase"]
[SourceDate "2023.09.30"]
[SourceVersion "1"]
[SourceVersionDate "2023.09.30"]
[SourceQuality "1"]

1. d4 Nf6 2. c4 e6 3. Nc3 Bb4 4. e3 0-0 5. Bd3 d5 6. a3 Bxc3+ 7. bxc3 dxc4 8. Bxc4 c5 9. Nf3 Qc7 10. Be2 b6 11. 0-0 Bb7 12. Bb2 Nbd7 13. c4 Rad8 14. h3 Rfe8 15. Qb3 Ne4 16. Rfd1 cxd4 17. exd4 Nd6 18. Rac1 Be4 19. Qe3 Qb7 20. Bd3 Bxf3 21. gxf3 Nf8 22. Kh1 Ng6 23. Be4 Nxe4 24. fxe4 f5 25. f3 fxe4 26. fxe4 Rf8 27. Rf1 Qc7 28. Rxf8+ Rxf8 29. d5 e5 30. a4 Rf4 31. c5 bxc5 32. Rxc5 Qb8 33. Qc3 Qb6 34. Rc8+ Nf8 35. Qc1 Qf2 36. Rc2 Qf3+ 37. Rg2 Qxh3+ 38. Kg1 Rg4 39. Qd2 Rxg2+ 40. Qxg2 Qxg2+ 41. Kxg2 Nd7 42. a5 a6 43. Kf3 Kf7 44. Kg4 g6 45. Kg5 Kg7 46. Kg4 Kf6 47. Ba3 h5+ 48. Kh4 Kf7 49. Bd6 Nf6 50. Bxe5 Nxe4 51. Bc7 Kf6 52. Bb8 Kf5 53. Bc7 Nf6 54. d6 g5+ 55. Kh3 Ke6 56. Bd8 Ne4 57. Be7 Kd7 58. Kg2 g4 59. Bf8 Ke6 60. Kh2 Nxd6 61. Kg3 Nc4 62. Kh4 Kf7 63. Bb4 Kg6 64. Be1 Nd6 65. Kg3 Kg5 66. Bd2+ Kf5 67. Kh4 Ne4 68. Be3 Kg6 69. Bf4 Nc3 70. Bc7 Nd5 71. Bd6 Ne3 0-1

[Event "Charlotte Super op"]
[Site "Charlotte"]
[Date "2023.07.10"]
[Round "3"]
[White "Stefanov, Emil"]
[Black "Rorrer, Grayson"]
[Result "1/2-1/2"]
[WhiteElo "2342"]
[BlackElo "2281"]
[PlyCount "59"]
[EventDate "2023.07.09"]
[EventType "swiss"]
[EventRounds "9"]
[EventCountry "USA"]
[SourceTitle "CBM 215 Extra"]
[Source "ChessBase"]
[SourceDate "2023.09.30"]
[SourceVersion "1"]
[SourceVersionDate "2023.09.30"]
[SourceQuality "1"]

1. d4 Nf6 2. c4 e6 3. Nf3 Bb4+ 4. Nbd2 b6 5. a3 Bxd2+ 6. Qxd2 Bb7 7. e3 0-0 8. Be2 d5 9. 0-0 dxc4 10. Bxc4 Nbd7 11. b4 a5 12. Bb2 Qe7 13. Rfc1 Ne4 14. Qe1 Rfc8 15. Bf1 c5 16. bxc5 bxc5 17. a4 Bd5 18. Nd2 cxd4 19. Rxc8+ Rxc8 20. Nxe4 Bxe4 21. Bxd4 e5 22. Bc3 Nc5 23. f3 Bc6 24. Qg3 f6 25. Bxa5 Nxa4 26. Qg4 Bd7 27. Bb4 Bxg4 28. Bxe7 Bd7 29. Rd1 Be6 30. Rd8+ 1/2-1/2

[Event "Saint Louis 1000 IM 1st"]
[Site "Saint Louis"]
[Date "2022.07.19"]
[Round "2"]
[White "Nyzhnyk, Illya"]
[Black "Stefanov, Emil"]
[Result "1-0"]
[WhiteElo "2686"]
[BlackElo "2342"]
[PlyCount "57"]
[EventDate "2022.07.19"]
[EventType "tourn"]
[EventRounds "9"]
[EventCountry "USA"]
[EventCategory "3"]
[SourceTitle "CBM 209 Extra"]
[Source "ChessBase"]
[SourceDate "2022.09.30"]
[SourceVersion "1"]
[SourceVersionDate "2022.09.30"]
[SourceQuality "1"]

1. Nf3 d5 2. d4 Nf6 3. c4 e6 4. g3 dxc4 5. Bg2 a6 6. 0-0 Nc6 7. Nc3 Rb8 8. e4 Be7 9. d5 exd5 10. exd5 Nb4 11. Ne5 Bf5 12. Nxc4 Bd3 13. b3 Bxf1 14. Kxf1 b5 15. Na5 c5 16. Bf4 Qxa5 17. Bxb8 0-0 18. d6 Bd8 19. Ba7 Bb6 20. Bxb6 Qxb6 21. a3 Nc6 22. Nd5 Nxd5 23. Qxd5 Nd4 24. Re1 Rd8 25. Re7 Ne6 26. Bh3 Rxd6 27. Re8+ Nf8 28. Qa8 Rd1+ 29. Ke2 1-0

[Event "FIDE World Uni Rapid-E 1st"]
[Site "Tornelo INT"]
[Date "2021.03.20"]
[Round "1"]
[White "Stefanov, Emil"]
[Black "Yash, Dahiya"]
[Result "1-0"]
[WhiteElo "2350"]
[BlackElo "1286"]
[PlyCount "119"]
[EventDate "2021.03.20"]
[EventType "swiss (rapid)"]
[EventRounds "12"]
[EventCountry "NET"]
[SourceTitle "EXT 2022"]
[Source "ChessBase"]
[SourceDate "2021.10.06"]
[SourceVersion "1"]
[SourceVersionDate "2021.10.06"]
[SourceQuality "1"]

1. d4 e6 2. c4 d5 3. Nf3 Nf6 4. Nc3 a6 5. cxd5 Nxd5 6. e4 Nxc3 7. bxc3 Be7 8. Bd3 b6 9. 0-0 Bb7 10. Qe2 Nd7 11. Bf4 0-0 12. a4 c5 13. Rfb1 Nf6 14. Rb2 Bc6 15. Ne5 Bb7 16. Qe3 cxd4 17. cxd4 Bd6 18. Rab1 Bc7 19. Nf3 Bxf4 20. Qxf4 Bc6 21. Rxb6 Bxa4 22. d5 exd5 23. e5 Ne4 24. Bxe4 dxe4 25. Qxe4 Bb5 26. Rd6 Qe7 27. h4 Rad8 28. Rbd1 h6 29. Qd4 Rc8 30. Re1 Rc4 31. Qb6 Rfc8 32. Kh2 Qc7 33. Qe3 Rc3 34. Qf4 Rc4 35. Qg3 Qe7 36. Rxh6 R4c6 37. Rxc6 Rxc6 38. Qg5 Qc7 39. Rd1 Rg6 40. Qd8+ Qxd8 41. Rxd8+ Kh7 42. Ng5+ Rxg5 43. hxg5 Kg6 44. f4 Kf5 45. g3 a5 46. Rd5 Be2 47. Rxa5 Bg4 48. Kg2 Ke6 49. Kf2 Kf5 50. Ke3 Bh3 51. Ra7 Ke6 52. Kf3 Bf5 53. g4 Bc2 54. f5+ Kxe5 55. Rxf7 g6 56. Re7+ Kd6 57. Re6+ Kd7 58. Rxg6 Ke7 59. Kf4 Kf7 60. Rb6 1-0

[Event "Pan American Intercollegiate-chT"]
[Site "Chess.com INT"]
[Date "2021.01.04"]
[Round "3"]
[White "Stefanov, Emil"]
[Black "Theodorou, Nikolas"]
[Result "1/2-1/2"]
[WhiteElo "2350"]
[BlackElo "2554"]
[PlyCount "66"]
[EventDate "2021.01.04"]
[EventType "team-swiss (rapid)"]
[EventRounds "9"]
[EventCountry "USA"]
[SourceTitle "CBM 200 Extra"]
[Source "ChessBase"]
[SourceDate "2021.03.31"]
[SourceVersion "1"]
[SourceVersionDate "2021.03.31"]
[SourceQuality "1"]
[WhiteTeam "Texas Dallas Univ II"]
[BlackTeam "St Louis Univ"]
[WhiteTeamCountry "USA"]
[BlackTeamCountry "USA"]

1. e4 e5 2. Bc4 Nf6 3. d4 Nc6 4. Nf3 exd4 5. e5 Ne4 6. 0-0 Be7 7. Bd5 Nc5 8. Bxc6 dxc6 9. Nxd4 0-0 10. Nc3 Re8 11. Bf4 Ne6 12. Nxe6 Qxd1 13. Rfxd1 Bxe6 14. Rd2 h6 15. a3 a5 16. Be3 Bf8 17. f4 Bf5 18. Kf2 Rad8 19. Rad1 Be7 20. Kf3 h5 21. h3 h4 22. Bf2 b6 23. Ne4 Bg6 24. Rxd8 Bxd8 25. Rd2 f6 26. Bxh4 Bxe4+ 27. Kxe4 f5+ 28. Kxf5 Bxh4 29. Rd7 Bd8 30. Kg6 Re6+ 31. Kf5 Re8 32. Kg6 Re6+ 33. Kf5 Re8 1/2-1/2

[Event "Texas Collegiate Finals"]
[Site "chess24.com INT"]
[Date "2020.10.18"]
[Round "5.3"]
[White "Stefanov, Emil"]
[Black "Beradze, Irakli"]
[Result "0-1"]
[WhiteElo "2350"]
[BlackElo "2475"]
[PlyCount "68"]
[EventDate "2020.10.17"]
[EventType "team-tourn (rapid)"]
[EventRounds "8"]
[EventCountry "USA"]
[SourceTitle "CBM 198 Extra"]
[Source "ChessBase"]
[SourceDate "2020.11.30"]
[SourceVersion "1"]
[SourceVersionDate "2020.11.30"]
[SourceQuality "1"]
[WhiteTeam "Texas Dallas Univ"]
[BlackTeam "Texas Rio Grande Valley Univ II"]
[WhiteTeamCountry "USA"]
[BlackTeamCountry "USA"]

1. d4 Nf6 2. c4 e6 3. Nf3 b6 4. g3 Bb4+ 5. Bd2 c5 6. Bxb4 cxb4 7. a3 bxa3 8. Rxa3 Bb7 9. Bg2 0-0 10. 0-0 d6 11. Nc3 a5 12. d5 e5 13. Qb1 Na6 14. Nd2 Nb4 15. Na2 Nd7 16. b3 Nc5 17. Qb2 f5 18. Ra1 Nxa2 19. R3xa2 Na6 20. e4 f4 21. Qc3 Bc8 22. Nb1 Ra7 23. Na3 Raf7 24. Nc2 Qc7 25. b4 fxg3 26. fxg3 axb4 27. Qe3 Rf2 28. Nxb4 Rxg2+ 29. Kxg2 Nxb4 30. Rb2 Qxc4 31. Rc1 Qd3 32. Re1 Nc2 33. Rxc2 Qxc2+ 34. Re2 Qc5 0-1